|
|
|
|
| LEADER |
00000nam0a2200000 4500 |
| 001 |
358588 |
| 005 |
20231102011116.0 |
| 035 |
|
|
|a (RuTPU)RU\TPU\retro\15859
|
| 090 |
|
|
|a 358588
|
| 100 |
|
|
|a 20200820d1974 km y0rusy50 ba
|
| 101 |
1 |
|
|a eng
|c rus
|
| 102 |
|
|
|a RU
|
| 105 |
|
|
|a a z 001zy
|
| 200 |
1 |
|
|a Строительные материалы и изделия
|f А. Г. Комар
|
| 210 |
|
|
|a Москва
|c Высшая школа
|d 1974
|
| 215 |
|
|
|a 480 с.
|c ил.
|
| 300 |
|
|
|a На английском языке
|
| 320 |
|
|
|a Указатели: с. 475-480
|
| 454 |
|
1 |
|0 (RuTPU)RU\TPU\book\315314
|t Строительные материалы и изделия
|o учебник для вузов
|f А. Г. Комар
|e 4-е изд., перераб. и доп.
|c Москва
|n Высшая школа
|d 1983
|p 487 с.
|a Комар, Алексей Георгиевич
|
| 510 |
1 |
|
|a Bulding Materials and Components
|z eng
|
| 606 |
1 |
|
|a Строительные материалы
|2 stltpush
|3 (RuTPU)RU\TPU\subj\57441
|9 75303
|
| 610 |
1 |
|
|a строительные изделия
|
| 610 |
1 |
|
|a свойства
|
| 610 |
1 |
|
|a производство
|
| 610 |
1 |
|
|a экономические аспекты
|
| 610 |
1 |
|
|a природные камни
|
| 610 |
1 |
|
|a керамика
|
| 610 |
1 |
|
|a минеральные расплавы
|
| 610 |
1 |
|
|a минеральные вяжущие вещества
|
| 610 |
1 |
|
|a связующие материалы
|
| 610 |
1 |
|
|a бетон
|
| 610 |
1 |
|
|a строительные растворы
|
| 610 |
1 |
|
|a искусственный камень
|
| 610 |
1 |
|
|a гипс
|
| 610 |
1 |
|
|a известково-песчаные смеси
|
| 610 |
1 |
|
|a асбест
|
| 610 |
1 |
|
|a металлы
|
| 610 |
1 |
|
|a сплавы
|
| 610 |
1 |
|
|a железобетон
|
| 610 |
1 |
|
|a древесные материалы
|
| 610 |
1 |
|
|a теплоизоляционные материалы
|
| 610 |
1 |
|
|a акустические материалы
|
| 610 |
1 |
|
|a битумы
|
| 610 |
1 |
|
|a гудрон
|
| 610 |
1 |
|
|a полимерные материалы
|
| 610 |
1 |
|
|a лаки
|
| 610 |
1 |
|
|a краски
|
| 610 |
1 |
|
|a обои
|
| 610 |
1 |
|
|a отделочные материалы
|
| 610 |
1 |
|
|a английский язык
|
| 675 |
|
|
|a 691
|v 4
|
| 700 |
|
1 |
|a Комар
|b А. Г.
|
| 801 |
|
1 |
|a RU
|b 63413507
|c 20200820
|
| 801 |
|
2 |
|a RU
|b 63413507
|c 20201201
|g RCR
|
| 942 |
|
|
|c BK
|